Statistiques concernant Kebab Brest

Cliquez ici pour prendre le quiz!

Statistiques générales

  • Ce quiz a été pris 38 fois
  • Le résultat moyen est 6 sur 40

Statistiques - réponses

Réponse% Correct
Istanbul
68%
L'Escale
50%
Le Cèdre
41%
Brest Food
38%
Brest Food
38%
O'120
35%
O'tacos
35%
Antalya
29%
Djerba
29%
Team Food Chicken
26%
La palmire
24%
Extra kebab
18%
O'Kapsalon
18%
Otantik
18%
TACOS TIME
18%
Brest'o
15%
BODRUM
12%
My Food
12%
New School Tacos
12%
Onaan29
9%
Street food
9%
Bosphore
6%
Le 360
6%
Le Jasmin
6%
O'delices
6%
Babä
3%
Blv
3%
majestic fast food
3%
Mesopotamie
3%
O' CHEESE NAAN
3%
BEST OF GRILL
0%
CHEZ G-B
0%
KASS'DALL
0%
Le Dellys
0%
Le Mont Liban
0%
Les délices de l'orient
0%
Le Tripura
0%
Mamaris
0%
O'chef
0%
Orijinal
0%

Distribution des résultats

Percentile par nombre de réponses

% des personnes avec chaque résultat

Votre développement - résultats

Vous n’avez pas pris ce quiz